Deutsche Mittelstädte - Sudden Death - Statistiken

Allgemein
  • Dieses Quiz wurde 219 mal gespielt
  • Das Durchschnittsergebnis liegt bei 6 aus 18
Answers on the Grid
Answers color-coded by a green-red scale on the quiz's grid according to % correct below.
Bochum
Oberhausen
Fürth
Göttingen
Koblenz
Bremerhaven
Gera
Konstanz
Neumünster
Velbert
Lüneburg
Schwäbisch Gmünd
Eschweiler
Stralsund
Fellbach
Königswinter
Pirna
Saarlouis
Deggendorf
Glauchau
Hoyerswerda
Blankenfelde-Mahlow
Waldshut-Tiengen
Zülpich
Spenge
Freilassing
Tirschenreuth
Niebüll
Bad Freienwalde
Alsfeld
 
Antwortstatistiken
Antwort % Korrekt
Gera
50%
Lüneburg
50%
Pirna
49%
Stralsund
48%
Neumünster
45%
Konstanz
42%
Schwäbisch Gmünd
40%
Deggendorf
38%
Saarlouis
37%
Velbert
37%
Hoyerswerda
35%
Königswinter
35%
Eschweiler
34%
Zülpich
26%
Fellbach
20%
Waldshut-Tiengen
16%
Glauchau
13%
Blankenfelde-Mahlow
12%
Keine übereinstimmenden Quizze gefunden
Verteilung der Resultate
Anzahl Personen mit jedem Resultat
Perzentil nach korrekt beantworteten Fragen
Ihre Resultats-Entwicklung
Sie haben dieses Quiz noch nicht gespielt